000 00285nam a22001337a 4500
008 170623b xxu||||| |||| 00| 0 eng d
020 _a9780815703068
041 _aeng
080 _a32
100 _a21
101 _aSHP
245 _aAVOIDING TRIVIA
_cDREZNER,D.W
942 _2udc
_cBK
999 _c18979
_d18979